El santo grial de la innovación (Registro nro. 10986)
[ vista simple ]
| 000 -LEADER | |
|---|---|
| fixed length control field | 00375 a2200121 4500 |
| 001 - CONTROL NUMBER | |
| control field | ART_15037 |
| 005 - DATE AND TIME OF LATEST TRANSACTION | |
| control field | 20260410161615.0 |
| 008 - FIXED-LENGTH DATA ELEMENTS--GENERAL INFORMATION | |
| fixed length control field | 260409a |
| 100 1# - MAIN ENTRY--PERSONAL NAME | |
| Personal name | Prahalad, C. K. |
| 245 10 - TITLE STATEMENT | |
| Title | El santo grial de la innovación |
| 700 1# - ADDED ENTRY--PERSONAL NAME | |
| Personal name | Mashelkar, R. A. |
| 773 0# - HOST ITEM ENTRY | |
| Title | Harvard Business Review |
| Related parts | La organización eficaz - Vol. 88, Nº 6 (jul. 2010) |
| Record control number | REV340 |
No hay ítems disponibles.